Представление документа в формате RUSMARC

ПолеНазваниеЗначение
  Тип записи a
  Библиографический уровень m
001 Контрольный номер UONB/MAIN/bce011c74d8948b0815f0d699b77c85e
005 Дата корректировки 20260326135646.2
010 Индекс ISBN __
d Цена 60 к.
100 Данные общей обработки __
a Данные общей обработки 20260318d1919 u y0rusy0189 ca
101 Язык документа 0_
a Язык текста rus
102 Страна публикации __
a Страна публикации RU
105 Кодированные данные (монография) __
a Кодированные данные (монография) y z 001yy
200 Заглавие и сведения об ответственности 1_
a Заглавие Сравнительный очерк школьной организации во Франции и Англии
210 Выходные данные 1_
d Дата издания 1919
215 Физическое описание __
a Объем 128 с.
320 Библиография __
a Библиография Библиогр.: с. 5-6
320 Библиография __
a Библиография Библиогр. в тексте и в подстроч. примеч.
461 Уровень набора _0
1 700 1
a Янжул
b Е. К.
g Екатерина Николаевна
1 2001
a Системы школьного управления
f Екатерина Янжул
v Вып. 1
1 2101
a Москва
c Задруга
d 1919-
1 001UONB/MAIN/129bc5bfc53140ac966d6866332965d6
1 203
a Текст
b визуальный
c непосредственный
1 215
d 18 см
1 2251
a Организация школы
e педагогическая библиотека для деятелей по народному образованию
f под редакцией И. М. Соловьева
606 Тематические рубрики 0_
a Основная рубрика Организация народного образования
y Географическая подрубрика Европа
610 Ключевые слова 0_
a Ключевые слова школы во Франции; школы в Англии; органы школьного управления; школьные организации; школьные инспекции
675 Индекс УДК __
a Индекс УДК 371
686 Индексы других классификаций __
a Классификационный индекс 74.04(3/8)
2 Код системы rubbk
801 Источник записи _0
a Страна RU
b Организация Ульяновская ОНБ
c Дата составления 20260318
g Правила каталогизации RCR
801 Источник записи _1
a Страна RU
b Организация Ульяновская ОНБ
c Дата составления 20260318
g Правила каталогизации RCR
901 Тип документа __
t Тип документа n
w Контрольный № источника UONB/MAIN/129bc5bfc53140ac966d6866332965d6
909 Создатель записи __
a Создатель записи Батталова
b Дата создания записи 20260318